Tous les Gagnants du Ballon d'Or - Statistiques

Statistiques générales
  • Ce quiz a été pris 2 041 fois
    184 depuis la dernière actualisation
  • Le résultat moyen est 46 sur 70
Statistiques - réponses
Nationalité Année Gagnant % Correct
Portugais 2008 Cristiano Ronaldo
99%
Portugais 2013 Cristiano Ronaldo
99%
Portugais 2014 Cristiano Ronaldo
99%
Portugais 2016 Cristiano Ronaldo
99%
Portugais 2017 Cristiano Ronaldo
99%
Argentin 2009 Lionel Messi
99%
Argentin 2010 Lionel Messi
99%
Argentin 2011 Lionel Messi
99%
Argentin 2012 Lionel Messi
99%
Argentin 2015 Lionel Messi
99%
Argentin 2019 Lionel Messi
99%
Argentin 2021 Lionel Messi
99%
Argentin 2023 Lionel Messi
99%
Français 2025 Ousmane Dembélé
99%
Brésilien 1997 Ronaldo
99%
Brésilien 2002 Ronaldo
99%
Croate 2018 Luka Modrić
94%
Français 1998 Zinédine Zidane
94%
Français 2022 Karim Benzema
93%
Brésilien 2005 Ronaldinho
93%
Français 1983 Michel Platini
91%
Français 1984 Michel Platini
91%
Français 1985 Michel Platini
91%
Espagnol 2024 Rodri
90%
Brésilien 2007 Kaká
88%
Polonais 2020 (n'a pas été attribué mais un joueur fut cité par beaucoup de fans et de journalistes il est donc dedans car il y a eu débat) Robert Lewandowski
86%
Italien 2006 Fabio Cannavaro
85%
Portugais 2000 Luís Figo
81%
Français 1991 Jean-Pierre Papin
78%
Néerlandais 1971 Johan Cruyff
76%
Néerlandais 1973 Johan Cruyff
76%
Néerlandais 1974 Johan Cruyff
76%
Néerlandais 1988 Marco Van Basten
76%
Néerlandais 1989 Marco Van Basten
76%
Néerlandais 1992 Marco Van Basten
76%
Tchèque 2003 Pavel Nedvěd
74%
Brésilien 1999 Rivaldo
70%
Ukrainien 2004 Andriy Shevchenko
69%
Libérien 1995 George Weah
68%
Anglais 2001 Micheal Owen
67%
Soviétique 1963 Lev Yashin
66%
Allemand 1972 Franz Beckenbauer
64%
Allemand 1976 Franz Beckenbauer
64%
Néerlandais 1987 Ruud Gullit
64%
Nord Irlandais 1968 George Best
62%
Français 1958 Raymond Kopa
59%
Allemand 1970 Gerd Müller
58%
Portugais 1965 Eusébio
55%
Italien 1993 Roberto Baggio
51%
Espagnol 1957 Alfredo di Stéfano
49%
Espagnol 1959 Alfredo di Stéfano
49%
Anglais 1966 Bobby Charlton
43%
Bulgare 1994 Hristo Stoichkov
42%
Allemand 1990 Lothar Matthäus
42%
Allemand 1996 Mathias Sammer
34%
Espagnol 1960 Luis Suárez
33%
Anglais 1956 Stanley Matthews
30%
Allemand 1980 Karl-Heinz Rummenigge
28%
Allemand 1981 Karl-Heinz Rummenigge
28%
Italien 1982 Paolo Rossi
28%
Écossais 1964 Denis Law
17%
Anglais 1978 Kevin Keegan
17%
Anglais 1979 Kevin Keegan
17%
Danois 1977 Allan Simonsen
14%
Hongrois 1967 Flórián Albert
13%
Italien 1969 Gianni Rivera
13%
Soviétique 1986 Igor Belanov
12%
Soviétique 1975 Oleg Blokhine
12%
Tchécoslovaque 1962 Josef Masopust
9%
Italien 1961 Omar Sívori
9%
Aucun quiz correspondant
Distribution des résultats
% des personnes avec chaque résultat
Percentile par nombre de réponses
Votre historique - résultats
Vous n’avez pas pris ce quiz depuis la dernière actualisation